|
|
|
|
| LEADER |
01857nam a2200445 i 4500 |
| 001 |
EBC4981622 |
| 003 |
MiAaPQ |
| 005 |
20200520144314.0 |
| 006 |
m o d | |
| 007 |
cr cnu|||||||| |
| 008 |
171215s2018 enk o 000 0 eng|d |
| 020 |
|
|
|z 9781787145023
|
| 020 |
|
|
|a 9781787145016 (e-book)
|
| 035 |
|
|
|a (MiAaPQ)EBC4981622
|
| 035 |
|
|
|a (Au-PeEL)EBL4981622
|
| 035 |
|
|
|a (CaPaEBR)ebr11480814
|
| 035 |
|
|
|a (OCoLC)1015309802
|
| 040 |
|
|
|a MiAaPQ
|b eng
|e rda
|e pn
|c MiAaPQ
|d MiAaPQ
|
| 050 |
|
4 |
|a HB615
|b .G56 2018
|
| 082 |
0 |
|
|a 658
|2 23
|
| 245 |
0 |
0 |
|a Global opportunities for entrepreneurial growth :
|b coopetition and knowledge dynamics within and across firms /
|c edited by Stavros Sindakis, American University in Dubai, UAE, Panagiotis Theodorou, Institute of Strategy, Entrepreneurship and Education for Growth, Cyprus.
|
| 250 |
|
|
|a First edition.
|
| 264 |
|
1 |
|a United Kingdom :
|b Emerald Publishing,
|c 2018.
|
| 300 |
|
|
|a 1 online resource (572 pages).
|
| 336 |
|
|
|a text
|2 rdacontent
|
| 337 |
|
|
|a computer
|2 rdamedia
|
| 338 |
|
|
|a online resource
|2 rdacarrier
|
| 490 |
0 |
|
|a Advanced strategies in entrepreneurship, education and ecology
|
| 588 |
|
|
|a Description based on online resource; title from PDF title page (ebrary, viewed December 21, 2017).
|
| 590 |
|
|
|a Electronic reproduction. Ann Arbor, MI : ProQuest, 2016. Available via World Wide Web. Access may be limited to ProQuest affiliated libraries.
|
| 650 |
|
0 |
|a Entrepreneurship.
|
| 650 |
|
0 |
|a Globalization.
|
| 650 |
|
0 |
|a Strategic alliances (Business)
|
| 650 |
|
0 |
|a Competition.
|
| 650 |
|
0 |
|a Cooperation.
|
| 655 |
|
4 |
|a Electronic books.
|
| 700 |
1 |
|
|a Sindakis, Stavros,
|e editor.
|
| 700 |
1 |
|
|a Theodorou, Panagiotis,
|e editor.
|
| 797 |
2 |
|
|a ProQuest (Firm)
|
| 856 |
4 |
0 |
|u https://ebookcentral.proquest.com/lib/matrademy/detail.action?docID=4981622
|z Click to View
|